Martin Freeman Movies! - Statistics

General Stats
  • This quiz has been taken 9 times
  • The average score is 7 of 45
Answer Stats
Hint Answer % Correct
2007 Hot Fuzz
75%
2004 Shaun of the Dead
75%
2018 Black Panther
63%
2005 The Hitchhiker's Guide to the Galaxy
63%
2012 The Hobbit: An Unexpected Journey
63%
2013 The World's End
63%
2003 Love Actually
50%
2014 The Hobbit: The Battle of the Five-Armies
50%
2013 The Hobbit: The Desolation of Smaug
50%
2022 Black Panther: Wakanda Forever
38%
2016 Captain America: Civil War
38%
2017 Cargo
13%
2011 What's Your Number?
13%
2016 Whiskey Tango Foxtrot
13%
2020 A Christmas Carol
0%
2002 Ali G Indahouse
0%
2012 Animals
0%
2006 Breaking and Entering
0%
2017 Carnage
0%
2006 Confetti
0%
2007 Dedication
0%
2017 Ghost Stories
0%
2006 Long Hot Summer
0%
2003 Margery and Gladys
0%
2001 Men Only
0%
2009 Micro Men
0%
TBD Miller's Girl
0%
2009 Nativity!
0%
2007 Nightwatching
0%
2019 Ode to Joy
0%
2004 Pride
0%
2013 Saving Santa
0%
2015 Stick Man
0%
2013 Svengali
0%
2011 Swinging With the Finkels
0%
2007 The All Together
0%
2003 The Debt
0%
2015 The Eichmann Show
0%
2007 The Good Night
0%
2000 The Low Down
0%
2007 The Old Curiosity Shop
0%
2019 The Operative
0%
2012 The Pirates! Band of Misfits
0%
2018 To Provide All People
0%
2010 Wild Target
0%
No matching quizzes found
Score Distribution
Percent of People with Each Score
Percentile by Number Answered
Your Score History
You have not taken this quiz